Online Catalogue and eLibrary

Democratic dilemma : (Record no. 423)

MARC details
000 -LEADER
fixed length control field 00601cam a22002054a 4500
001 - CONTROL NUMBER
control field 15105340
005 - DATE AND TIME OF LATEST TRANSACTION
control field 20240219001222.0
008 - FIXED-LENGTH DATA ELEMENTS--GENERAL INFORMATION
fixed length control field 071102s2008 ii b 001 0 eng
020 ## - INTERNATIONAL STANDARD BOOK NUMBER
ISBN 9788187374503
040 ## - CATALOGING SOURCE (பட்டியலாக்க மூலம்)
Original cataloging agency DLC
Transcribing agency DLC
Modifying agency DLC
082 ## - DDC Classification
DDC Edition Number 22
Class No. 320.
Item Number - Author Mark DEM.
100 1# - MAIN ENTRY--PERSONAL NAME
Personal name Manoharan, N.
245 10 - TITLE STATEMENT
Title Democratic dilemma :
Remainder of title ethnic violence and human rights in Sri Lanka /
Statement of responsibility, etc. N. Manoharan.
260 ## - PUBLICATION, DISTRIBUTION, ETC.
Place of publication, distribution, etc. New Delhi :
Name of publisher, distributor, etc. Samskriti,
Date of publication, distribution, etc. 2008.
300 ## - PHYSICAL DESCRIPTION
Extent (e.g. Volumes, Pages etc.) xxv, 279 p. ;
650 #0 - SUBJECT ADDED ENTRY--TOPICAL TERM
Topical term or geographic name entry element Human rights
650 #0 - SUBJECT ADDED ENTRY--TOPICAL TERM
Topical term or geographic name entry element Ethnic conflict
856 41 - ELECTRONIC LOCATION AND ACCESS
Uniform Resource Identifier <a href="http://www.loc.gov/catdir/toc/fy0804/2007375926.html">http://www.loc.gov/catdir/toc/fy0804/2007375926.html</a>
942 ## - Koha item type (Biblio)
Koha item type Books in Stacks (Lending)
Holdings
Lost status Damaged status Collection code Home library Current library Date acquired Full call number Accession Number Item type
    Lending WERC Library WERC Library 02/19/2024 320. DEM. 6391 Books in Stacks (Lending)

© WERC Library